Statistiche per Bandiere con solo due colori

Clicka qui per fare il quiz!

Statistiche generali

  • Questo quiz è stato fatto 3.401 volte
  • Il punteggio medio è 18 su 37

Statistiche sulle risposte

Paesi% Corretto
Polonia
92%
Ucraina
87%
Monaco
84%
Indonesia
79%
Cina
71%
Giappone
68%
Qatar
65%
Finlandia
61%
Svezia
61%
Canada
58%
Turchia
52%
Austria
51%
Danimarca
51%
Marocco
51%
Pakistan
50%
Grecia
49%
Svizzera
48%
Tunisia
48%
Arabia Saudita
46%
Bahrain
46%
Bangladesh
45%
Afghanistan
43%
Albania
43%
Lettonia
41%
Kazakistan
40%
Vietnam
40%
Palau
39%
Nigeria
37%
Singapore
36%
Israele
30%
Somalia
29%
Macedonia del Nord
25%
Micronesia
25%
Honduras
24%
Georgia
23%
Kirghizistan
23%
Tonga
20%

Distribuzione punteggi

Percentile per numero di risposta

Percentuale di utenti per punteggio

I tuoi punteggi nel tempo

Non hai fatto questo quiz